Gladiator II : (Record no. 126949)
[ view plain ]
| 000 -LEADER | |
|---|---|
| campo de control de longitud fija | 01823nam a22002537a 4500 |
| 003 - IDENTIFICADOR DE NÚMERO DE CONTROL | |
| campo de control | BJBSDDR |
| 005 - FECHA Y HORA DE LA ÚLTIMA TRANSACCIÓN | |
| campo de control | 20260429085704.0 |
| 007 - CAMPO FIJO DE DESCRIPCIÓN FÍSICA--INFORMACIÓN GENERAL | |
| campo de control de longitud fija | ta |
| 008 - DATOS DE LONGITUD FIJA--INFORMACIÓN GENERAL | |
| campo de control de longitud fija | 260429s2025 nyu||||| |||| 00| 0 eng d |
| 020 ## - NÚMERO INTERNACIONAL ESTÁNDAR DEL LIBRO | |
| Número Internacional Estándar del Libro | 9781419780165 |
| 020 ## - NÚMERO INTERNACIONAL ESTÁNDAR DEL LIBRO | |
| Número Internacional Estándar del Libro | 1419780166 |
| 040 ## - FUENTE DE CATALOGACIÓN | |
| Lengua de catalogación | spa |
| Centro/agencia transcriptor | BJBSDDR |
| 041 ## - CÓDIGO DE IDIOMA | |
| Código de lengua del texto/banda sonora o título independiente | eng |
| 050 ## - SIGNATURA TOPOGRÁFICA DE LA BIBLIOTECA DEL CONGRESO | |
| Número de ítem | W225 2025 |
| 100 1# - ENTRADA PRINCIPAL--NOMBRE DE PERSONA | |
| Nombre de persona | Walsh, John, |
| Fechas asociadas al nombre | 1945- |
| 9 (RLIN) | 44534 |
| 245 10 - MENCIÓN DEL TÍTULO | |
| Título | Gladiator II : |
| Resto del título | the art and making of the Ridley Scott film / |
| Mención de responsabilidad, etc. | John Walsh (Autor), Ridley Scott |
| 260 ## - PUBLICACIÓN, DISTRIBUCIÓN, ETC. | |
| Lugar de publicación, distribución, etc. | New York : |
| Nombre del editor, distribuidor, etc. | Abrams, |
| Fecha de publicación, distribución, etc. | 2025 |
| 300 ## - DESCRIPCIÓN FÍSICA | |
| Extensión | 238 pages : |
| Otras características físicas | illustrations ; |
| Dimensiones | 30 cm |
| 505 ## - NOTA DE CONTENIDO CON FORMATO | |
| Nota de contenido con formato | Foreword<br/>Introduction<br/>Director's chair<br/>The road to Rome<br/>The cast<br/>Design<br/>Combat<br/>Special and visual effects<br/>Leaving Rome<br/>Acknowledgments and notes |
| 520 ## - RESUMEN, ETC. | |
| Sumario, etc. | The official behind-the-scenes companion to Sir Ridley Scott's highly anticipated sequel to Gladiator This definitive volume takes readers deep into the extraordinary production of Gladiator II. Exploring the revolutionary special effects and breathtaking artistry that went into re-creating the grandeur of ancient Rome on a truly epic scale, Gladiator II: The Art and Making of the Ridley Scott Film features storyboards, unit photography, concept art, character and costume sketches, and an array of props and ephemera, offering a comprehensive look at the creative process behind one of the most eagerly awaited sequels of our time. With a foreword by Sir Ridley Scott and exclusive interviews with the cast--including Paul Mescal, Denzel Washington, Pedro Pascal, Connie Nielsen, and more--as well as insights from production designers, armorers, and the visual effects team, the book grants an insider's look at this cinematic epic and is an essential companion to the film. |
| 700 1# - ENTRADA AGREGADA--NOMBRE PERSONAL | |
| Nombre de persona | Scott, Ridley, |
| Fechas asociadas al nombre | 1937- |
| 9 (RLIN) | 41038 |
| 942 ## - ELEMENTOS DE ENTRADA SECUNDARIOS (KOHA) | |
| Fuente del sistema de clasificación o colocación | Clasificación de Library of Congress |
| Suprimir en OPAC | No |
| Tipo de ítem Koha | Libro |
| 946 ## - PROCESAMIENTO DE INFORMACIÓN LOCAL (OCLC) | |
| Iniciales del agente catalogador | cmc |
| Estatus retirado | Estado de pérdida | Fuente del sistema de clasificación o colocación | Estado de daño | No para préstamo | Colección | Biblioteca de origen | Biblioteca actual | Ubicación en estantería | Fecha de adquisición | Signatura topográfica completa | Código de barras | Visto por última vez | Copia número | Tipo de ítem Koha |
|---|---|---|---|---|---|---|---|---|---|---|---|---|---|---|
| Clasificación de Library of Congress | Automatización y Procesos Técnicos | Biblioteca Juan Bosch | Biblioteca Juan Bosch | Automatización y Procesos Técnicos (1er. Piso) | 29/04/2026 | W225 2025 | 00000199731 | 29/04/2026 | 1 | Libro |
